000 01063aab a2200241 i 4500
001 768714001
003 CO-MdFUSB
005 20240710170653.0
008 240710t2008 sz ||||| |||| 00| 0 eng d
040 _bspa
_cCO-MdFUSB
041 _aeng
100 1 _aStrauss, Piet
_eautor
245 1 0 _aMaintaining the unity by living in peace:
_bEphesians 4:3
_c/ Piet Strauss
520 _a¿Cómo puede la Comunión Mundial de Iglesias Reformadas convertirse en una comunión real, relevante para los tiempos modernos y un factor influyente en el mundo ecuménico? En este artículo, Piet Strauss quiere responder a esa pregunta.
546 _aTexto en inglés.
630 0 7 _aBiblia.
_pEfesios
_xCrítica, interpretación, etc.
650 7 _aBiblia y unidad cristiana
_97330
650 7 _aHermenéutica bíblica
_97333
650 7 _aPaz
_xAspectos religiosos
_xCristianismo
_92054
773 0 _tReformed World
_049396
_959497
_gVolumen 58, (número 2 & 3, 2008) páginas: 181 - 183
_qpágina: 181
942 _cANA
945 _aCatherine Arias Álvarez - Practicante SENA
999 _c62756
_d62756